A tudomány határai
Elmentve itt :
| Szerző: | |
|---|---|
| További közreműködők: | |
| Adatforrás: | Philobibl |
| Dokumentumtípus: | Könyv |
| Nyelv: | magyar |
| Kulcsszavak: | tudományfilozófia tudománytörténet |
| Megjelent: |
Budapest
Typotex
2008
|
| Sorozat: | Tudomány és ...
|
| LEADER | 00521nam a2200181 c 4500 | ||
|---|---|---|---|
| 001 | bibPHI0035891 | ||
| 005 | 20200924123548.5 | ||
| 008 | 091113s2008 hu hun | ||
| 100 | 1 | |a Kutrovátz Gábor | |
| 245 | 1 | 2 | |a A tudomány határai |c Kutrovátz Gábor, Láng Benedek, Zemplén Gábor |
| 260 | |a Budapest |b Typotex |c 2008 | ||
| 300 | |a 376 p. | ||
| 490 | 1 | |a Tudomány és ... | |
| 695 | |a tudományfilozófia | ||
| 695 | |a tudománytörténet | ||
| 700 | 1 | |a Láng Benedek | |
| 700 | 1 | |a Zemplén Gábor | |
| 830 | 0 | |a Tudomány és ... | |